Llwytho...

Business statistics

Manylion Llyfryddiaeth
Prif Awdur: Suranjan, Saha
Fformat: Printed Book
Iaith:Undetermined
English
Cyhoeddwyd: Calcutta New Central Book agency 1993
Rhifyn:6
Pynciau:
LEADER 00645nam a2200229Ia 4500
008 140306s9999 xx 000 0 und d
041 |a eng 
082 |a 519  |b SUR/BU 
100 |a Suranjan, Saha 
245 |a Business statistics 
250 |a 6 
260 |a Calcutta  |b New Central Book agency  |c 1993 
300 |a 768 
365 |b Rs.85 
650 |a Correlation 
650 |a Index numbers 
650 |a Inter polation 
650 |a Probability 
650 |a Sampling theory 
942 |2 ddc  |c BK 
999 |c 182735  |d 182735 
952 |0 0  |1 0  |2 ddc  |4 0  |6 519_000000000000000_SUR_BU  |7 0  |9 188469  |a KAUCBV  |b KAUCBV  |g 85.00  |o 519 SUR/BU  |r 2014-03-22  |w 2014-03-22  |y BK